| 000 | 01270nam a22003017a 4500 | ||
|---|---|---|---|
| 003 | EG-ScBUE | ||
| 005 | 20211109110104.0 | ||
| 008 | 211108s2018 ua f 001 0 ara d | ||
| 017 | _a2018 / 20273 | ||
| 040 |
_aEG-ScBUE _bara _erda _cEG-ScBUE _dEG-ScBUE |
||
| 043 | _af-ua--- | ||
| 082 | 0 | 4 |
_a347.62077 _bم ص ر _222 |
| 110 | 1 |
_aمصر. _bمحكمة النقض، _eمؤلف. |
|
| 245 | 1 | 0 |
_aمجموعة أحكام محكمة النقض الصادرة من الدوائر الجنائية : _bالسنة الرابعة والستون من يناير إلى ديسمبر 2013. |
| 264 | 1 |
_aالقاهرة : _bمحكمة النقض، المكتب الفني، _c[2018] |
|
| 300 |
_a1 مجلد (متعدد الترقيم) ؛ _c24 سم |
||
| 336 |
_2rdacontent _aنص _btxt |
||
| 337 |
_2rdamedia _aبدون وسيط _bn |
||
| 338 |
_2rdacarrier _aمجلد _bnc |
||
| 500 | _aيشتمل على كشافات. | ||
| 541 |
_cإهداء ؛ _aالمحكمة الدستورية العليا. |
||
| 650 | 7 |
_aالأحكام (قانون مرافعات) _zمصر. _2BUEsh |
|
| 650 | 7 |
_aنقض الأحكام _zمصر. _2BUEsh |
|
| 650 | 7 |
_aالقانون المدني _zمصر. _2BUEsh |
|
| 653 |
_bLLAAWW _cNovember2021 |
||
| 655 |
_vReading book _934232 |
||
| 942 | _2ddc | ||
| 999 |
_c29654 _d29625 |
||